LEADER 02383nam 2200565 450 001 9910789669703321 005 20230721014350.0 010 $a1-283-20581-5 010 $a9786613205810 010 $a1-4411-4196-0 035 $a(CKB)2670000000106759 035 $a(EBL)742768 035 $a(OCoLC)741691531 035 $a(SSID)ssj0000523035 035 $a(PQKBManifestationID)11366839 035 $a(PQKBTitleCode)TC0000523035 035 $a(PQKBWorkID)10539714 035 $a(PQKB)11161910 035 $a(MiAaPQ)EBC742768 035 $a(EXLCZ)992670000000106759 100 $a20071031h20072007 uy| 0 101 0 $aeng 135 $aur|n|---||||| 181 $ctxt 182 $cc 183 $acr 200 10$aGuide to financial management in FE /$fJulian Gravatt 210 1$a[London] ;$aNew York :$cContinuum,$d[2007] 210 4$dİ2007 215 $a1 online resource (111 p.) 225 1 $aEssential FE toolkit series 300 $aIncludes index. 311 $a0-8264-8805-6 320 $aIncludes bibliographical references (pages [91]-94) and index. 327 $aContents; Series foreword; Series introduction; Introduction; 1 The business of colleges; 2 Financial management in colleges; 3 Government funding; 4 Fees, contracts and other income; 5 People, supplies and services; 6 Investment, IT and buildings; 7 Risk, regulation and audit; 8 The college manager's finance toolkit; 9 Conclusion; Notes; Index 330 $aMoney, targets and budgets overshadow life and work in colleges. The systems for funding colleges are notoriously complicated and too few people understand how they work. Too few know how and where colleges spend their money. This book demystifies college finance and provides insights that will be valuable for governors, managers, lecturers and anyone who works in the sector. 410 0$aEssential FE toolkit series. 606 $aContinuing education$zGreat Britain$xFinance 606 $aUniversities and colleges$zGreat Britain$xFinance 615 0$aContinuing education$xFinance. 615 0$aUniversities and colleges$xFinance. 676 $a374.12 700 $aGravatt$b Julian$01485289 801 0$bMiAaPQ 801 1$bMiAaPQ 801 2$bMiAaPQ 906 $aBOOK 912 $a9910789669703321 996 $aGuide to financial management in FE$93704325 997 $aUNINA LEADER 02021nas 2200517- 450 001 9910379059403321 005 20240112213020.0 011 $a2542-193X 035 $a(OCoLC)1148107145 035 $a(CKB)2660000000037195 035 $a(CONSER)--2021244671 035 $a(EXLCZ)992660000000037195 100 $a20200312a20059999 --- - 101 0 $arus 135 $aur|n||||||||| 181 $ctxt$2rdacontent 182 $cc$2rdamedia 183 $acr$2rdacarrier 200 00$aIzvestii?a Saratovskogo universiteta, novai?a serii?a$iSerii?a fizika 210 1$aSaratov :$cSaratovski? gosudarstvenny? universitet imeni N.G. Chernyshevskogo 210 31$aSaratov :$cFederal?noe gosudarstvennoe bi?udzhetnoe obrazovatel?noe uchrezhdenie vysshego obrazovanii?a "Saratovski? nat?sional?ny? issledovatel?ski? gosudarstvenny? universitet imeni N. G. Chernyshevskogo" 215 $a1 online resource 300 $aRefereed/Peer-reviewed 311 08$a1817-3020 517 1 $aIzvestii?a Saratovskogo universiteta. 517 1 $aIzvestiya of Saratov University, new series. 517 1 $aIzvestiya Saratovskogo Universiteta, new series. 517 3 $aSerii?a fizika 517 3 $aSer. fizika 517 3 $aSeries: Physics 517 3 $aSer. Physics 531 00$aIzv. Saratov Univ. (N. S.), Ser.: Physics 531 00$aIzv. Sarat. un-ta. Nov. ser. Ser.: Fizika 531 0 $aIzv. Sarat. univ., Nov. ser., Ser. Fiz. 606 $aPhysics$vPeriodicals 606 $aPhysics$2fast$3(OCoLC)fst01063025 608 $aPeriodicals.$2fast 608 $aPeriodicals.$2lcgft 615 0$aPhysics 615 7$aPhysics. 712 02$aSaratovski? gosudarstvenny? universitet im. N.G. Chernyshevskogo, 712 02$aSaratovski? nat?sional?ny? issledovatel?ski? gosudarstvenny? universitet imeni N.G. Chernyshevskogo, 906 $aJOURNAL 912 $a9910379059403321 996 $aIzvestii?a Saratovskogo universiteta, novai?a serii?a$92787960 997 $aUNINA